[Event "Verbandsliga Mittelrhein-Ost 1213"]
[Site "Germany"]
[Date "2013.01.13"]
[Round "6.7"]
[White "Deicke, Bjoern"]
[Black "Henn, Peter"]
[Result "1/2-1/2"]
[WhiteElo "1889"]
[BlackElo "1768"]
[PlyCount "53"]
[EventDate "2012.09.09"]
[EventType "team"]
[EventRounds "11"]
[EventCountry "GER"]
[SourceTitle "EXT 2015"]
[Source "ChessBase"]
[SourceDate "2014.11.20"]
[SourceVersion "1"]
[SourceVersionDate "2014.11.20"]
[SourceQuality "1"]
[WhiteTeam "Niederkassel II"]
[BlackTeam "Godesberg V"]
[WhiteTeamCountry "GER"]
[BlackTeamCountry "GER"]

1. c4 e6 2. Nc3 f5 3. g3 Nf6 4. Bg2 d5 5. e3 c6 6. d3 Nbd7 7. Nge2 Bd6 8. 0-0 0-0 9. Rb1 Qe7 10. a3 Nb6 11. cxd5 exd5 12. Qc2 Nbd7 13. e4 fxe4 14. dxe4 Nxe4 15. Nxe4 dxe4 16. Qxe4 Qxe4 17. Bxe4 Nf6 18. Bg2 Bf5 19. Ra1 Bc5 20. Nf4 g5 21. Nh3 h6 22. Kh1 Rae8 23. f3 Bd3 24. Rd1 Bc2 25. Rf1 Bd3 26. Rd1 Bc2 27. Rf1 1/2-1/2